000 00228nam a22000857a 4500
008 161201b xxu||||| |||| 00| 0 eng d
100 _91652
_aRam,S.K
245 _aLearning To Communicate : Activity
260 _aNew Delhi
_bOxford
_c2005
999 _c4365
_d4365